Les transports collectifs urbains: un defi pour nos villes

Kaydedildi:
Detaylı Bibliyografya
Materyal Türü: Kitap
Dil:Fransızca
Baskı/Yayın Bilgisi: París Presses de l'Ecole Nationale des Ponts et Chaussés 1988
Konular:
Etiketler: Etiketle
Etiket eklenmemiş, İlk siz ekleyin!

MARC

LEADER 00000nam a2200000 a 4500
001 UCV4619
003 CL-VaPUC
008 900427e19880000FR |||||||||||||||||fre|d
082 0 4 |a 388.4  |b TRA  |2 21 
245 1 4 |a Les transports collectifs urbains: un defi pour nos villes 
246 1 0 |a Urban public transport: a challenge for our cities 
300 |a 538 p 
942 |c BK 
945 |d 19900427 00:00:00 
260 |a París  |b Presses de l'Ecole Nationale des Ponts et Chaussés  |c 1988 
650 0 |a Transporte urbano  |9 260307 
583 |a last modification  |c 19900427 00:00:00  |k Rodrigo Vera 
999 |c 211346  |d 211344 
952 |0 0  |1 0  |4 0  |6 388_400000000000000_TRA_1988  |7 0  |8 A  |9 190412  |a BIBING  |b BIBING  |d 2019-11-14  |i 2581922  |o 388.4 TRA 1988  |p 2581922  |r 2025-01-20  |w 2019-11-14  |y BK  |k TRA